Name the Popes Quiz by Predecessor / Successor in 90 Seconds - Statistics

General Stats
  • This quiz has been taken 661 times
  • The average score is 193 of 265
Answer Stats
Year # Name % Correct
2005 XVI Benedict
97%
964 V Benedict
96%
900 IV Benedict
96%
684 II Benedict
96%
2013 Francis
96%
1958 XXIII John
96%
965 XIII John
96%
964 VIII Leo
96%
1334 XII Benedict
95%
1305 V Clement
95%
1316 XXII John
95%
1963 VI Paul
95%
1939 XII Pius
95%
1276 V Adrian
94%
1032 IX Benedict
94%
1012 VIII Benedict
94%
974 VII Benedict
94%
973 VI Benedict
94%
575 Benedict
94%
1024 XIX John
94%
983 XIV John
94%
955 XII John
94%
931 XI John
94%
914 X John
94%
898 IX John
94%
685 V John
94%
561 III John
94%
936 VII Leo
94%
928 VI Leo
94%
1009 IV Sergius
94%
929 VII Stephen
94%
996 V Gregory
93%
999 II Sylvester
93%
867 II Adrian
92%
530 II Boniface
92%
526 IV Felix
92%
1276 XXI John
92%
985 XV John
92%
872 VIII John
92%
533 II John
92%
882 Marinus
92%
1277 III Nicholas
92%
1003 XVII John
91%
523 John
91%
1605 XI Leo
91%
1605 V Paul
91%
638 Severinus
91%
642 Theodore
91%
946 II Agapetus
90%
535 Agapetus
90%
686 Conon
90%
514 Hormisdas
90%
1003 XVIII John
90%
705 VII John
90%
701 VI John
90%
640 IV John
90%
913 Lando
90%
556 Pelagius
90%
687 Sergius
90%
708 Sisinnius
90%
897 II Theodore
90%
1621 XV Gregory
89%
1523 VII Clement
88%
1555 IV Paul
88%
1534 III Paul
88%
1464 II Paul
88%
1903 X Pius
88%
1458 II Pius
88%
1471 IV Sixtus
88%
1978 John Paul
87%
1846 IX Pius
87%
1829 VIII Pius
87%
1559 IV Pius
87%
1724 XIII Benedict
86%
1592 VIII Clement
86%
1342 VI Clement
86%
1046 II Clement
86%
1045 VI Gregory
86%
1721 XIII Innocent
86%
1492 VI Alexander
85%
1914 XV Benedict
85%
855 III Benedict
85%
1503 II Julius
85%
1878 XIII Leo
85%
1823 XII Leo
85%
1922 XI Pius
85%
1800 VII Pius
85%
1978 II John Paul
84%
1522 VI Adrian
83%
1303 XI Benedict
83%
1769 XIV Clement
83%
1265 IV Clement
83%
1048 II Damasus
83%
1572 XIII Gregory
83%
1271 X Gregory
83%
1187 VIII Gregory
83%
1591 IX Innocent
83%
1352 VI Innocent
83%
903 V Leo
83%
847 IV Leo
83%
682 II Leo
83%
579 II Pelagius
83%
1775 VI Pius
83%
1503 III Pius
83%
767 III Stephen
83%
1261 IV Urban
83%
1740 XIV Benedict
82%
1047 IX Benedict
82%
1045 IX Benedict
82%
1758 XIII Clement
82%
1730 XII Clement
82%
1831 XVI Gregory
82%
1590 XIV Gregory
82%
1566 V Pius
82%
1623 VIII Urban
82%
1362 V Urban
82%
1655 VII Alexander
81%
1254 IV Alexander
81%
1691 XII Innocent
81%
1676 XI Innocent
81%
1644 X Innocent
81%
757 Paul
81%
844 II Sergius
81%
752 II Stephen
81%
1455 III Callixtus
80%
1187 III Clement
80%
1406 XII Gregory
80%
1404 VII Innocent
80%
1276 V Innocent
80%
1585 V Sixtus
80%
1590 VII Urban
80%
1378 VI Urban
80%
772 Adrian
79%
1389 IX Boniface
79%
1241 IV Celestine
79%
1216 III Honorius
79%
1550 III Julius
79%
795 III Leo
79%
1555 II Marcellus
79%
1185 III Urban
79%
1061 II Alexander
78%
1191 III Celestine
78%
1700 XI Clement
78%
1670 X Clement
78%
1370 XI Gregory
78%
1513 X Leo
78%
858 Nicholas
78%
432 III Sixtus
78%
1086 III Victor
78%
1294 VIII Boniface
77%
97 Evaristus
77%
1073 VII Gregory
77%
1484 VIII Innocent
77%
440 Leo
77%
1181 III Lucius
77%
1055 II Victor
77%
155 Anicetus
76%
1667 IX Clement
76%
136 Hyginus
76%
1243 IV Innocent
76%
140 Pius
76%
939 VIII Stephen
76%
816 IV Stephen
76%
1689 VIII Alexander
75%
1049 IX Leo
74%
904 III Sergius
74%
678 Agatho
73%
1058 II Nicholas
73%
604 Sabinian
73%
1227 IX Gregory
72%
461 Hilarius
72%
1045 III Sylvester
72%
741 Zachary
72%
1417 V Martin
71%
417 Zosimus
71%
76 Anacletus
70%
1124 II Honorius
70%
1143 II Celestine
69%
1198 III Innocent
69%
1130 II Innocent
69%
1099 II Paschal
69%
827 Valentine
69%
88 Clement
68%
827 IV Gregory
68%
590 Gregory
68%
64 Linus
68%
33 Peter
68%
1088 II Urban
68%
222 Urban
68%
1154 IV Adrian
67%
1159 III Alexander
67%
399 Anastasius
67%
217 Callixtus
67%
708 Constantine
67%
715 II Gregory
67%
401 Innocent
67%
731 III Gregory
66%
230 Pontian
66%
105 Alexander
65%
115 Sixtus
65%
254 Stephen
65%
896 VI Boniface
64%
422 Celestine
64%
891 Formosus
64%
257 II Sixtus
64%
1057 IX Stephen
64%
896 VI Stephen
63%
1294 V Celestine
62%
884 III Adrian
61%
885 V Stephen
60%
1285 IV Honorius
59%
1281 IV Martin
59%
1431 IV Eugene
58%
1288 IV Nicholas
58%
817 Paschal
58%
1447 V Nicholas
57%
1153 IV Anastasius
56%
619 V Boniface
56%
625 Honorius
56%
253 Lucius
54%
942 II Marinus
54%
418 Boniface
53%
259 Dionysius
53%
897 Romanus
53%
1144 II Lucius
51%
615 Adeodatus
50%
608 IV Boniface
50%
607 III Boniface
49%
1119 II Callixtus
48%
649 Martin
48%
1145 III Eugene
47%
654 Eugene
43%
1118 II Gelasius
43%
125 Telesphorus
42%
824 II Eugene
41%
492 Gelasius
40%
199 Zephyrinus
37%
336 Mark
36%
657 Vitalian
35%
337 Julius
34%
483 III Felix
33%
468 Simplicius
32%
496 II Anastasius
31%
251 Cornelius
30%
275 Eutychian
30%
269 Felix
30%
352 Liberius
30%
174 Eleuterus
29%
498 Symmachus
29%
384 Siricius
28%
314 Sylvester
27%
189 Victor
27%
676 Donus
25%
672 II Adeodatus
23%
537 Vigilius
22%
311 Miltiades
20%
536 Silverius
20%
366 Damasus
18%
235 Anterus
17%
309 Eusebius
15%
296 Marcellinus
15%
236 Fabian
14%
308 Marcellus
14%
166 Soter
14%
283 Caius
12%
No matching quizzes found
Score Distribution
Percent of People with Each Score
Percentile by Number Answered
Your Score History
You have not taken this quiz